[Event "Sunningdale e2e4 U2050 op 05"]
[Site "Sunningdale"]
[Date "2014.05.24"]
[Round "2"]
[White "Osiyemi, Lara"]
[Black "Ai, Farshad"]
[Result "0-1"]
[WhiteElo "1738"]
[BlackElo "1927"]
[PlyCount "68"]
[EventDate "2014.05.23"]
[EventType "swiss"]
[EventRounds "7"]
[EventCountry "ENG"]
[SourceTitle "EXT 2015"]
[Source "ChessBase"]
[SourceDate "2014.11.20"]
[SourceVersion "1"]
[SourceVersionDate "2014.11.20"]
[SourceQuality "1"]

1. d4 d5 2. c4 c6 3. Nc3 Nf6 4. Nf3 a6 5. a4 Bf5 6. e3 e6 7. Bd2 h6 8. Be2 Bd6 9. h3 Nbd7 10. c5 Bc7 11. b4 e5 12. dxe5 Nxe5 13. Nxe5 Bxe5 14. Rc1 Qe7 15. 0-0 0-0 16. Re1 Rad8 17. Qb3 Rfe8 18. Bf3 Ne4 19. Rcd1 Bb8 20. Ne2 Qe5 21. Nf4 Nxd2 22. Rxd2 Qxf4 23. Kf1 Qh2 24. b5 axb5 25. axb5 Be4 26. Ke2 Bxf3+ 27. gxf3 d4 28. e4 Qxh3 29. Rd3 Qe6 30. Qb4 Qa2+ 31. Rd2 d3+ 32. Ke3 g5 33. Qd4 Bf4+ 34. Kxd3 Qxd2+ 0-1

[Event "Sunningdale e2e4 op 04"]
[Site "Ascot"]
[Date "2014.04.21"]
[Round "9"]
[White "Osiyemi, Lara"]
[Black "Golding, William"]
[Result "1-0"]
[WhiteElo "1760"]
[BlackElo "1409"]
[PlyCount "137"]
[EventDate "2014.04.17"]
[EventType "swiss"]
[EventRounds "9"]
[EventCountry "ENG"]
[SourceTitle "CBM 159 Extra"]
[Source "ChessBase"]
[SourceDate "2014.04.24"]
[SourceVersion "1"]
[SourceVersionDate "2014.04.24"]
[SourceQuality "1"]

1. d4 Nf6 2. c4 e6 3. Nc3 Bb4 4. Qc2 0-0 5. a3 Bxc3+ 6. Qxc3 Ne4 7. Qc2 f5 8. g3 d5 9. Bg2 Qe7 10. Nf3 c5 11. 0-0 Nc6 12. cxd5 exd5 13. dxc5 Qxc5 14. Qxc5 Nxc5 15. Bf4 Bd7 16. Rad1 Be6 17. Bd6 Ne4 18. Bxf8 Rxf8 19. Nd4 Nxd4 20. Rxd4 Rc8 21. f3 Nd6 22. g4 fxg4 23. fxg4 Nc4 24. Bxd5 Bxd5 25. Rxd5 Ne3 26. Rd7 Nxf1 27. Kxf1 Rb8 28. e4 a5 29. Ke2 b5 30. Ke3 b4 31. axb4 Rxb4 32. Rd2 h6 33. Kf4 Rb5 34. e5 g6 35. h4 Rb4+ 36. Kf3 Kf7 37. Rd5 a4 38. Ra5 Ke7 39. Ra6 Kf7 40. h5 gxh5 41. gxh5 Rxb2 42. Rxh6 a3 43. Ra6 Rh2 44. Kg4 Rg2+ 45. Kf5 Rf2+ 46. Kg5 Rg2+ 47. Kf5 Rf2+ 48. Ke4 Rh2 49. h6 a2 50. Kd5 a1Q 51. Rxa1 Rxh6 52. Ra7+ Ke8 53. e6 Rg6 54. Kd6 Kf8 55. Ra8+ Kg7 56. Ke7 Rg1 57. Ra3 Rg2 58. Rf3 Rd2 59. Rg3+ Kh6 60. Ke8 Kh5 61. e7 Kh4 62. Rg1 Kh5 63. Rf1 Kg6 64. Kf8 Rh2 65. e8Q+ Kg5 66. Qe5+ Kg6 67. Qxh2 Kg5 68. Qg2+ Kh4 69. Rh1# 1-0

[Event "Sunningdale e2e4 U2200 op 04"]
[Site "Sunningdale"]
[Date "2014.04.18"]
[Round "3"]
[White "Osiyemi, Lara"]
[Black "Sanitt, Leo"]
[Result "1-0"]
[WhiteElo "1762"]
[BlackElo "1451"]
[PlyCount "99"]
[EventDate "2014.04.17"]
[EventType "swiss"]
[EventRounds "7"]
[EventCountry "ENG"]
[SourceTitle "EXT 2015"]
[Source "ChessBase"]
[SourceDate "2014.11.20"]
[SourceVersion "1"]
[SourceVersionDate "2014.11.20"]
[SourceQuality "1"]

1. d4 d5 2. c4 c6 3. Nc3 Nf6 4. Nf3 dxc4 5. e3 b5 6. a4 Qb6 7. Be2 Nd5 8. 0-0 e6 9. Ne5 Nxc3 10. bxc3 Bd6 11. f4 Nd7 12. Bf3 Bb7 13. Rb1 Bxe5 14. fxe5 a6 15. Ba3 Nxe5 16. Bc5 Nxf3+ 17. Qxf3 Qc7 18. a5 f6 19. Qh5+ Qf7 20. Qf3 Kd7 21. Qg3 Ke8 22. Rf4 Qg6 23. Qe1 Bc8 24. Rb2 Bd7 25. Qf2 f5 26. Rf3 Qg4 27. Rd2 g6 28. Rf4 Qg5 29. h4 Qf6 30. g4 Rg8 31. g5 Qf7 32. e4 Rc8 33. Re2 Kd8 34. Bb6+ Rc7 35. Qg3 Bc8 36. Rd2 Ke8 37. Bxc7 Qxc7 38. Qe3 Qxa5 39. exf5 gxf5 40. Rxf5 Qd8 41. Rdf2 Qe7 42. Rf6 Rg6 43. Rxg6 hxg6 44. Rf6 Qh7 45. Qf4 Qg7 46. Qe4 a5 47. Qxc6+ Qd7 48. Qc5 Qe7 49. Qxc8+ Qd8 50. Rxe6+ 1-0

[Event "Sunningdale e2e4 U2200 op 04"]
[Site "Sunningdale"]
[Date "2014.04.17"]
[Round "1"]
[White "Osiyemi, Lara"]
[Black "Tart, Peter K"]
[Result "0-1"]
[WhiteElo "1762"]
[BlackElo "1948"]
[PlyCount "130"]
[EventDate "2014.04.17"]
[EventType "swiss"]
[EventRounds "7"]
[EventCountry "ENG"]
[SourceTitle "EXT 2015"]
[Source "ChessBase"]
[SourceDate "2014.11.20"]
[SourceVersion "1"]
[SourceVersionDate "2014.11.20"]
[SourceQuality "1"]

1. d4 Nf6 2. c4 c5 3. d5 e6 4. Nc3 exd5 5. cxd5 d6 6. g3 g6 7. Bg2 Bg7 8. Nf3 0-0 9. 0-0 Re8 10. Bg5 a6 11. a4 Nbd7 12. Qc2 Rb8 13. Nd2 b5 14. axb5 axb5 15. Nce4 Qc7 16. Bf4 Nxe4 17. Nxe4 Ne5 18. Qb3 Bf5 19. Nc3 b4 20. Nd1 c4 21. Qa4 Bd7 22. Qc2 Ra8 23. Ne3 Bb5 24. Rfc1 Rxa1 25. Rxa1 c3 26. bxc3 Nc4 27. Nxc4 Bxc4 28. Qa4 Rb8 29. Qc6 Qxc6 30. dxc6 Bxc3 31. c7 Rc8 32. Ra7 Be5 33. Rb7 Bxf4 34. gxf4 Kg7 35. Bc6 Be6 36. Kf1 b3 37. Be4 Kf6 38. Ke1 Ke7 39. Kd2 d5 40. Bd3 d4 41. e3 dxe3+ 42. fxe3 Kd6 43. Kc3 Rxc7+ 44. Rxc7 Kxc7 45. e4 Kd6 46. Bb5 Kc5 47. Ba4 h6 48. h4 h5 49. Be8 b2 50. Kxb2 Kd4 51. f5 gxf5 52. exf5 Bd5 53. Ba4 f6 54. Bd1 Bf7 55. Kc1 Ke3 56. Kb2 Kf4 57. Bc2 Bd5 58. Kc3 Be4 59. Bd1 Bf3 60. Bc2 Kg3 61. Kd4 Kxh4 62. Kc5 Kg5 63. Bd3 h4 64. Kd4 h3 65. Be4 Bxe4 0-1

[Event "High Wycombe e2e4 op 10"]
[Site "High Wycombe"]
[Date "2012.10.13"]
[Round "2"]
[White "Phillips, William"]
[Black "Osiyemi, Lara"]
[Result "1/2-1/2"]
[WhiteElo "1961"]
[BlackElo "1754"]
[PlyCount "44"]
[EventDate "2012.10.12"]
[EventType "swiss"]
[EventRounds "5"]
[EventCountry "ENG"]
[SourceTitle "EXT 2013"]
[Source "ChessBase"]
[SourceDate "2012.11.22"]
[SourceVersion "1"]
[SourceVersionDate "2012.11.22"]
[SourceQuality "1"]

1. e4 c5 2. Nf3 d6 3. Bb5+ Nc6 4. 0-0 Bd7 5. c3 Nf6 6. Re1 e5 7. d4 cxd4 8. cxd4 Qc7 9. Nc3 a6 10. Ba4 b5 11. Bb3 Bg4 12. Nd5 Nxd5 13. Bxd5 Rc8 14. Be3 Nxd4 15. Bxd4 exd4 16. Rc1 Qxc1 17. Qxc1 Rxc1 18. Rxc1 d3 19. Rd1 Be7 20. Rxd3 Bf6 21. b3 Ke7 22. Bb7 Bc8 1/2-1/2

[Event "High Wycombe e2e4 Intermediate op 03"]
[Site "High Wycombe"]
[Date "2012.03.18"]
[Round "5"]
[White "Osiyemi, Lara"]
[Black "Homolka, Vincent"]
[Result "1/2-1/2"]
[WhiteElo "1613"]
[BlackElo "1838"]
[PlyCount "86"]
[EventDate "2012.03.16"]
[EventType "swiss"]
[EventRounds "5"]
[EventCountry "ENG"]
[SourceTitle "EXT 2014"]
[Source "ChessBase"]
[SourceDate "2013.11.20"]
[SourceVersion "1"]
[SourceVersionDate "2013.11.20"]
[SourceQuality "1"]

1. d4 d5 2. c4 e6 3. Nc3 c5 4. cxd5 exd5 5. dxc5 d4 6. Ne4 Bf5 7. Ng3 Be6 8. e3 Bxc5 9. exd4 Bxd4 10. Qa4+ Nc6 11. Bb5 Qb6 12. Bxc6+ bxc6 13. Qc2 Ne7 14. Nf3 Bc5 15. 0-0 Ng6 16. Ne4 Bb4 17. a3 Be7 18. Be3 Qc7 19. b4 0-0 20. Bc5 Bxc5 21. Nxc5 Bd5 22. Qc3 Rfe8 23. Rfe1 Qf4 24. Re3 Rxe3 25. Qxe3 Qxe3 26. fxe3 Re8 27. Re1 f6 28. e4 Bf7 29. Nd4 Ne5 30. Nf5 Rd8 31. h3 Rd2 32. Re3 Bg6 33. Ne7+ Kf7 34. Nc8 Nc4 35. Rc3 Nd6 36. Nxa7 Nb5 37. Nxb5 cxb5 38. Kh2 Ke7 39. Kg3 Kd6 40. Kf3 Ke5 41. g4 Rh2 42. Kg3 Re2 43. Kf3 Rh2 1/2-1/2

[Event "High Wycombe e2e4 Major"]
[Site "Uplands Park"]
[Date "2011.10.10"]
[Round "1"]
[White "Waddingham, Paul"]
[Black "Osiyemi, Lara"]
[Result "1-0"]
[WhiteElo "1647"]
[BlackElo "1842"]
[PlyCount "139"]
[EventDate "2011.10.07"]
[EventType "swiss"]
[EventRounds "5"]
[EventCountry "ENG"]
[SourceTitle "EXT 2023"]
[Source "ChessBase"]
[SourceDate "2022.10.05"]
[SourceVersion "1"]
[SourceVersionDate "2022.10.05"]
[SourceQuality "1"]

1. g3 g6 2. Bg2 Bg7 3. c4 c5 4. Nc3 Nc6 5. Nf3 Nf6 6. d3 d6 7. Bg5 h6 8. Bd2 Bd7 9. Qc1 a6 10. Rb1 Be6 11. a3 Qd7 12. h3 Nd4 13. b4 Nxf3+ 14. Bxf3 cxb4 15. Rxb4 Rb8 16. Qb1 d5 17. Bf4 Nh5 18. Bd2 Qc7 19. g4 Nf4 20. Nxd5 Nxd5 21. cxd5 Bc8 22. Rc4 Qd6 23. Qb4 Be5 24. Re4 f5 25. Qxd6 Bxd6 26. gxf5 Bxf5 27. Rh4 h5 28. Bf4 Rc8 29. Bxd6 exd6 30. Kd2 Ke7 31. Rb1 Rc7 32. Rc4 Rhc8 33. Rxc7+ Rxc7 34. h4 Bc8 35. Be4 Kf6 36. f4 Bg4 37. Rb6 Rd7 38. Ke1 Bf5 39. Kf2 Bh3 40. Bg2 Bg4 41. e4 Ke7 42. Ke3 Kd8 43. e5 Kc7 44. Rb2 Re7 45. Kd4 Rf7 46. Ke3 Re7 47. d4 b5 48. Rc2+ Kd7 49. Rc6 a5 50. Rxd6+ Ke8 51. Rb6 Rc7 52. Kd2 Rc4 53. Rxb5 Rxd4+ 54. Ke3 Ra4 55. Rb8+ Kd7 56. e6+ Kd6 57. Rb6+ Kc7 58. Rc6+ Kd8 59. Rc3 Ke7 60. Rd3 Bf5 61. Rc3 Kf6 62. Bf3 Bb1 63. Rc7 Rxa3+ 64. Kf2 g5 65. fxg5+ Ke5 66. e7 Bg6 67. Rc6 Bf7 68. g6 Rxf3+ 69. Kxf3 Bxd5+ 70. Ke3 1-0

[Event "Sunningdale e2e4 Major"]
[Site "Sunningdale"]
[Date "2011.09.18"]
[Round "4"]
[White "Osiyemi, Lara"]
[Black "Whatley, Stephen Arthur"]
[Result "0-1"]
[WhiteElo "1842"]
[BlackElo "1597"]
[PlyCount "106"]
[EventDate "2011.09.16"]
[EventType "swiss"]
[EventRounds "5"]
[EventCountry "ENG"]
[SourceTitle "EXT 2023"]
[Source "ChessBase"]
[SourceDate "2022.10.05"]
[SourceVersion "1"]
[SourceVersionDate "2022.10.05"]
[SourceQuality "1"]

1. d4 Nf6 2. c4 g6 3. Nc3 d5 4. cxd5 Nxd5 5. e4 Nxc3 6. bxc3 Bg7 7. Bc4 c5 8. Ne2 cxd4 9. cxd4 Nc6 10. Be3 0-0 11. 0-0 Na5 12. Bd3 b6 13. Rc1 Bd7 14. f3 Nc6 15. Qe1 e6 16. f4 Ne7 17. Qh4 Nc6 18. Qe1 Ne7 19. g4 Rc8 20. Qd2 Kh8 21. f5 Rxc1 22. Qxc1 Ng8 23. g5 exf5 24. exf5 Bxf5 25. Bxf5 gxf5 26. Rxf5 Ne7 27. Rf3 Qd5 28. Qf1 Qxa2 29. Ng3 Qd5 30. Rf4 Qxg5 31. Re4 Qf6 32. Qh3 Nd5 33. Nh5 Qg6+ 34. Rg4 Qb1+ 35. Kg2 Nxe3+ 36. Qxe3 Qf5 37. Rg5 Bh6 38. Rxf5 Bxe3 39. Rd5 h6 40. Kf3 Bg5 41. Rd7 a5 42. Ra7 Bd8 43. Ke4 Re8+ 44. Kd5 Re7 45. Ra8 Rd7+ 46. Kc4 Kh7 47. d5 b5+ 48. Kc5 Be7+ 49. Kd4 a4 50. Ra6 a3 51. d6 Rxd6+ 52. Rxd6 Bxd6 53. Nf6+ Kg6 0-1

[Event "Sunningdale e2e4 Major"]
[Site "Sunningdale"]
[Date "2011.09.17"]
[Round "3"]
[White "Prior, Stephen"]
[Black "Osiyemi, Lara"]
[Result "1-0"]
[WhiteElo "1976"]
[BlackElo "1842"]
[PlyCount "67"]
[EventDate "2011.09.16"]
[EventType "swiss"]
[EventRounds "5"]
[EventCountry "ENG"]
[SourceTitle "EXT 2023"]
[Source "ChessBase"]
[SourceDate "2022.10.05"]
[SourceVersion "1"]
[SourceVersionDate "2022.10.05"]
[SourceQuality "1"]

1. e4 c5 2. Nf3 d6 3. d4 cxd4 4. Nxd4 Nf6 5. Nc3 a6 6. Bg5 e6 7. f4 Be7 8. Qf3 Qc7 9. 0-0-0 Nbd7 10. g4 b5 11. Bxf6 Nxf6 12. g5 Nd7 13. Kb1 Bb7 14. f5 e5 15. Nb3 Bxg5 16. Bxb5 0-0 17. Bxd7 Qxd7 18. Nc5 Qc7 19. Nxb7 Qxb7 20. Nd5 f6 21. Rd3 Rfc8 22. Rb3 Qd7 23. Nb6 Qc6 24. Nxc8 Qxc8 25. Qd3 Qc6 26. Rc3 Qb7 27. Qxd6 Qxe4 28. Qe6+ Kf8 29. Rc8+ Rxc8 30. Qxc8+ Ke7 31. Rd1 Bd2 32. Qe6+ Kf8 33. Qd6+ Kf7 34. Qd7+ 1-0

[Event "Uxbridge e2e4 Major op"]
[Site "Uxbridge"]
[Date "2011.03.20"]
[Round "5"]
[White "Osiyemi, Lara"]
[Black "Kalerwa, Edwin M"]
[Result "0-1"]
[WhiteElo "1906"]
[BlackElo "1680"]
[PlyCount "106"]
[EventDate "2011.03.18"]
[EventType "swiss"]
[EventRounds "5"]
[EventCountry "ENG"]
[SourceTitle "EXT 2023"]
[Source "ChessBase"]
[SourceDate "2022.10.05"]
[SourceVersion "1"]
[SourceVersionDate "2022.10.05"]
[SourceQuality "1"]

1. d4 Nf6 2. c4 g6 3. Nc3 Bg7 4. e4 d6 5. Nf3 0-0 6. Be2 Nbd7 7. 0-0 e5 8. Re1 a6 9. Bg5 h6 10. Bc1 c6 11. a4 Qe7 12. d5 Nc5 13. Qc2 a5 14. Be3 Na6 15. Qd2 Ng4 16. dxc6 bxc6 17. Bb6 Nb4 18. h3 Nf6 19. Rad1 Ne8 20. Be3 Kh7 21. Nh2 f5 22. f4 Be6 23. b3 Qc7 24. exf5 Bxf5 25. g4 Bc2 26. Rc1 exf4 27. Bd4 Bxd4+ 28. Qxd4 Bxb3 29. Bf3 Nc2 30. Rxc2 Bxc2 31. Ne4 Rb8 32. g5 Qb6 33. c5 Qb4 34. Qxb4 Rxb4 35. cxd6 Bxe4 36. Bxe4 Nxd6 37. Bxc6 Rc4 38. Bd5 Rc7 39. gxh6 Nf5 40. Nf3 Re7 41. Rb1 Kxh6 42. Rb5 Rc8 43. Rb1 Rc5 44. Bb7 Re2 45. Ba6 Ra2 46. Bb5 Rc3 47. Rf1 g5 48. Bd7 Ne3 49. Rb1 Nd5 50. Rf1 Nf6 51. Bb5 Rcc2 52. Rd1 Ne4 53. Re1 Rg2+ 0-1

[Event "Uxbridge e2e4 Major op"]
[Site "Uxbridge"]
[Date "2011.03.19"]
[Round "2"]
[White "Prior, Stephen"]
[Black "Osiyemi, Lara"]
[Result "1-0"]
[WhiteElo "1842"]
[BlackElo "1906"]
[PlyCount "85"]
[EventDate "2011.03.18"]
[EventType "swiss"]
[EventRounds "5"]
[EventCountry "ENG"]
[SourceTitle "EXT 2023"]
[Source "ChessBase"]
[SourceDate "2022.10.05"]
[SourceVersion "1"]
[SourceVersionDate "2022.10.05"]
[SourceQuality "1"]

1. Nc3 c5 2. Nf3 d5 3. e4 d4 4. Ne2 Nc6 5. Ng3 e5 6. Bc4 h6 7. 0-0 Nf6 8. d3 Bg4 9. h3 Bd7 10. Nh2 Na5 11. Bb3 Nxb3 12. axb3 Bd6 13. f4 exf4 14. Bxf4 Bxf4 15. Rxf4 0-0 16. Qf3 Be6 17. Nf5 Bxf5 18. Rxf5 Qe7 19. Rf1 Rac8 20. Qg3 Rc6 21. Nf3 Nd7 22. Nh4 Kh7 23. Rd5 g6 24. Nf3 Nf6 25. Re5 Qc7 26. Qh4 Kg7 27. g4 b5 28. Kg2 c4 29. Rxb5 cxd3 30. cxd3 Rc2+ 31. Rf2 a6 32. Rb4 g5 33. Qg3 Rxf2+ 34. Qxf2 Qc1 35. Nxd4 Re8 36. Rb6 Nd7 37. Rc6 Qd1 38. Nf5+ Kf8 39. Rxh6 f6 40. Rh8+ Kf7 41. Nd6+ Kg7 42. Rxe8 Qxd3 43. Re7+ 1-0

[Event "Uxbridge op Major"]
[Site "Uxbridge"]
[Date "2010.03.21"]
[Round "5"]
[White "Jackson, Paul G"]
[Black "Osiyemi, Lara"]
[Result "1-0"]
[WhiteElo "1861"]
[BlackElo "1962"]
[PlyCount "107"]
[EventDate "2010.03.19"]
[EventType "swiss"]
[EventRounds "5"]
[EventCountry "ENG"]
[SourceTitle "EXT 2012"]
[Source "ChessBase"]
[SourceDate "2011.11.24"]
[SourceVersion "1"]
[SourceVersionDate "2011.11.24"]
[SourceQuality "1"]

1. d4 Nf6 2. c4 g6 3. f3 d5 4. cxd5 Nxd5 5. e4 Nf6 6. Nc3 Bg7 7. Be3 c5 8. dxc5 Qa5 9. Qa4+ Qxa4 10. Nxa4 0-0 11. 0-0-0 Be6 12. b3 b6 13. cxb6 axb6 14. Bb5 Ra5 15. Bd3 Nbd7 16. Bb1 b5 17. Nb6 Nxb6 18. Bxb6 Ra6 19. Be3 Rc8+ 20. Kd2 Nd7 21. Ne2 b4 22. Ke1 h5 23. Kf2 h4 24. Nd4 Nf8 25. Nxe6 Nxe6 26. Rd7 Kf8 27. Rhd1 Be5 28. g3 hxg3+ 29. hxg3 Ke8 30. R7d5 Bc3 31. f4 f6 32. g4 Rd8 33. e5 Rxd5 34. Rxd5 Kf7 35. f5 gxf5 36. gxf5 Ng7 37. e6+ Kg8 38. Rd7 Ra5 39. Rxe7 Nxf5 40. Bxf5 Rxf5+ 41. Kg3 Ra5 42. Rb7 Ra8 43. Bc5 Be5+ 44. Kg4 Rxa2 45. Bxb4 Rg2+ 46. Kf5 Rg5+ 47. Ke4 Rg4+ 48. Kd5 Rd4+ 49. Kc6 Rd1 50. Rd7 Rc1+ 51. Bc5 Ra1 52. e7 Ra6+ 53. Kd5 Kf7 54. Rd8 1-0